000 00872nam a2200217Ii 4500
003 JO-AjNU
008 230605s9999||||xx |||||||||||||| ||und||
017 _a1998/9/1587
040 _aJO-AjNU
_bara
_erda
_cJO-AjNU
041 _aara
050 1 4 _aDS109.9.M87 2001
100 3 _a جامعة الزرقاء الاهلية؛ تحرير محمود، شفيق جاسر,
_eauthor
_948478
245 0 0 _aالقدس في الخطاب المعاصر: بحوث المؤتمر الأول لكلية الاداب بجامعة الزرقاء الأهلية 12-13 ايار 1998م
250 _aط2
264 3 1 _aالزرقاء: جامعة الزرقاء، 2001
300 _a454ص
_bيشتمل على جداول(346-352 )
336 _atext
_btxt
_2rdacontent
337 _aunmediated
_bn
_2rdamedia
338 _avolume
_bnc
_2rdacarrier
650 4 _aالقدس-تاريخ
_948479
999 _aA21233
_c24801
_d24801